Epistolario

Furkejuvvon:
Bibliográfalaš dieđut
Váldodahkki: Nieremberg
Materiálatiipa: Girji
Giella:Undetermined
Almmustuhtton: Madrid, España Espasa-Calpe 1957
Fáttát:
Fáddágilkorat: Lasit fáddágilkoriid
Eai fáddágilkorat, Lasit vuosttaš fáddágilkora!

MARC

LEADER 00000nam a2200000Ia 4500
008 170316s9999 xx 000 0 und d
040 |a cru BVZT 
090 |a 862 N-3e 
100 |a Nieremberg 
245 |a Epistolario 
260 |a Madrid, España 
260 |b Espasa-Calpe 
260 |c 1957 
300 |a 254 páginas 
650 |a LITERATURA ESPAÑOLA 
999 |c 10236  |d 10236 
942 |c 15 D  |h 862 N-3e  |2 z